| Tag |
First Indicator |
Second Indicator |
Subfields |
| LEADER |
00000cam a22000008a 4500 |
| 001 |
in00000070425 |
| 005 |
20151008061738.0 |
| 008 |
810716s1981 nyu b 00100 eng |
| 010 |
|
|
|a 81011917
|
| 020 |
|
|
|a 0030597196 :
|c $22.95
|
| 035 |
|
|
|a (OCoLC)07731023
|
| 035 |
|
|
|9 AAJ8726AM
|
| 039 |
0 |
|
|a 2
|b 3
|c 3
|d 3
|e 3
|
| 040 |
|
|
|a DLC
|c DLC
|d TXA
|d UtOrBLW
|
| 049 |
|
|
|a TXAM
|c [1670212]
|
| 050 |
0 |
0 |
|a BD435
|b .T37
|
| 082 |
0 |
|
|a 128
|2 19
|
| 245 |
0 |
0 |
|a Temporal man :
|b the meaning and uses of social time /
|c Robert H. Lauer.
|
| 263 |
|
|
|a 8111
|
| 264 |
|
1 |
|a New York, N.Y. :
|b Praeger,
|c 1981.
|
| 300 |
|
|
|a x, 181 pages ;
|c 25 cm.
|
| 336 |
|
|
|a text
|b txt
|2 rdacontent
|
| 337 |
|
|
|a unmediated
|b n
|2 rdamedia
|
| 338 |
|
|
|a volume
|b nc
|2 rdacarrier
|
| 500 |
|
|
|a Includes indexes.
|
| 504 |
|
|
|a Bibliography: pages 152-173.
|
| 650 |
|
0 |
|a Life.
|
| 650 |
|
0 |
|a Time.
|
| 650 |
|
0 |
|a Self (Philosophy)
|
| 650 |
|
0 |
|a Social change.
|
| 700 |
1 |
|
|a Lauer, Robert H.
|
| 999 |
|
|
|a MARS
|
| 999 |
f |
f |
|s 6a8c1103-921e-35c9-9c06-5d9d2b89b179
|i f8c9a7e1-96b4-3247-9d75-eb2c486b7994
|t 0
|
| 952 |
f |
f |
|p normal
|a Texas A&M University
|b College Station
|c Sterling C. Evans Library
|d Evans: Library Stacks
|t 0
|e BD435 .T37
|h Library of Congress classification
|i unmediated -- volume
|m A14806085924
|
| 998 |
f |
f |
|a BD435 .T37
|t 0
|l Evans: Library Stacks
|